书目信息 |
| 题名: |
益智健脑食疗方
|
|
| 作者: | 施仁潮 编著 | |
| 分册: | ||
| 出版信息: | 北京 金盾出版社 2002.07 |
|
| 页数: | 163页 | |
| 开本: | 22cm | |
| 丛书名: | ||
| 单 册: | ||
| 中图分类: | R247.1 | |
| 科图分类: | R247.1 | |
| 主题词: | 脑-保健-食疗法 | |
| 电子资源: | ||
| ISBN: | 7-5082-0229-5 | |
| 000 | 00575nam0 2200205 450 | |
| 001 | 0640663343 | |
| 005 | 20061011101359.48 | |
| 010 | @a7-5082-0229-5@dCNY 6.00 | |
| 100 | @a20060825d2002 km y0chiy0120 ea | |
| 101 | 0 | @achi |
| 102 | @aCN@b110000 | |
| 200 | 1 | @a益智健脑食疗方@Ayi zhi jian nao shi liao fang@f施仁潮编著@Fshi ren chao bian zhu |
| 210 | @a北京@c金盾出版社@d2002.07 | |
| 215 | @a163页@d22cm | |
| 606 | 0 | @a脑-保健-食疗法 |
| 690 | @aR247.1@v4 | |
| 692 | @aR247.1 | |
| 701 | 0 | @a施仁潮@Ashi ren chao@4编著 |
| 801 | 0 | @aCN@c20061011 |
| 905 | @apdsgxy@dR247.1@eS495 | |
| 益智健脑食疗方/施仁潮编著.-北京:金盾出版社,2002.07 |
| 163页;22cm |
| ISBN 7-5082-0229-5:CNY 6.00 |
| ● |
| 相关链接 |
|
|
|
正题名:益智健脑食疗方
索取号:R247.1/S495
 
预约/预借
| 序号 | 登录号 | 条形码 | 馆藏地/架位号 | 状态 | 备注 |
| 1 | 609924 | 206099247 | 自科库401/401自科库 11排1列3层/ [索取号:R247.1/S495] | 在馆 | |
| 2 | 609925 | 206099256 | 自科库401/401自科库 11排1列3层/ [索取号:R247.1/S495] | 在馆 | |
| 3 | 609926 | 206099265 | 自科库401/401自科库 11排1列3层/ [索取号:R247.1/S495] | 在馆 |